00274nam a2200109Ia 450000500170000000800410001710000190005824500480007726000150012530000110014065000130015120260328104318.0260328s9999||||xx |||||||||||||| ||und|| aWagner, Philip 4aThe Human Use of the Earth /cPhilip Wagner bFree Press a270 p. aHISTORIA